000 01137cam a2200265 i 4500
003 SA-RiAUC
005 20260307123201.0
008 260221q19001999ii g 000 0 ara c
040 _aSA-RiAUC
_bara
_cSA-RiAUC
_erda
082 0 4 _a258.3
090 _aم ن 258.3
_bا ب ن ح
100 1 _aابن حجر الهيتمي، أحمد بن محمد بن علي،
_d909-974 هجري
_eمؤلف.
245 1 0 _aتحفة المحتاج بشرح المنهاج /
_cأحمد بن محمد بن علي بن حجر الهيتمي الشافعي.
246 3 0 _aشرح المنهاج
264 1 _aبومباي، الهند :
_b[الناشر غير محدد]،
_c[بين 1900 و1999]
264 3 _a[مكان الطبع غير محدد] :
_bمطبعة محمد بن عبد العزيزالسورتي وأولاده.
300 _aمجلد ؛
_c29 سم
336 _aنص
_btxt
_2rdacontent
_3كتاب
337 _aبدون وسيط
_bn
_2rdamedia
338 _aمجلد
_bnc
_2rdacarrier
650 7 _aالفقه الشافعي
_2aucsh
740 2 _aالمنهاج.
942 _2ddc
_cRBOOK COPY
_n0
949 _aSA-JeALM
_d260221
_umohamedma123
_n1
999 _c14518
_d14518